| 000 | 01130nam a2200277 i 4500 | ||
|---|---|---|---|
| 001 | 120105 | ||
| 003 | ES-MaACL | ||
| 005 | 20250831073430.0 | ||
| 007 | t| | ||
| 008 | 070214s1948 sp r ||||1| spa d | ||
| 110 | 2 |
_aIglesia Católica. _bPapa (1922-1939: Pío XI) _94665 |
|
| 245 | 1 | 3 |
_aLa encíclica Quadragesimo anno acerca de la restauración del orden social / _cPío XI ; comentario práctico preparado por "L'Action Populaire", de París, y por "Fomento Social", de Madrid. |
| 250 |
_a2ª ed. totalmente refundida y puesta al día _bpor Joaquín Azpiazu, S.J. |
||
| 260 |
_aBurgos : _bEd. Bibliográfica Española, _c1948. |
||
| 300 |
_a298 p. ; _c20 cm. |
||
| 490 | 1 | _aBiblioteca Fomento Social | |
| 650 | 4 |
_aIglesia y problemas sociales- _xEncíclicas. _9137973 |
|
| 700 | 0 |
_aPío _bXI _c, Papa. _992300 |
|
| 700 | 1 |
_aAzpiazu, Joaquín. _924351 |
|
| 710 | 2 |
_aAction Populaire (París) _9171604 |
|
| 710 | 2 |
_bFomento Social (Madrid) _9171603 |
|
| 710 | 2 |
_aCompañía Bibliográfica Española. _9171207 |
|
| 830 | 1 |
_aBiblioteca Fomento Social _9181200 |
|
| 852 |
_aES-MaACL _jC-5590 |
||
| 999 |
_c120105 _d120105 |
||